[Event "Bad Ragaz Swiss YM"]
[Site "Bad Ragaz"]
[Date "2021.03.12"]
[Round "7"]
[White "Giesinger, Elias"]
[Black "Stijve, Theo"]
[Result "0-1"]
[WhiteElo "2052"]
[BlackElo "2241"]
[PlyCount "64"]
[EventDate "2021.03.06"]
[EventType "tourn"]
[EventRounds "9"]
[EventCountry "SUI"]
[SourceTitle "CBM 201 Extra"]
[Source "ChessBase"]
[SourceDate "2021.05.31"]
[SourceVersion "1"]
[SourceVersionDate "2021.05.31"]
[SourceQuality "1"]

1. d4 Nf6 2. Nf3 d5 3. c4 e6 4. g3 dxc4 5. Bg2 Bb4+ 6. Bd2 a5 7. 0-0 0-0 8. Qc2 Bxd2 9. Nbxd2 b5 10. a4 c6 11. b3 cxb3 12. Nxb3 b4 13. Ne5 Nd5 14. Rfc1 Nc3 15. Nxc6 Nxc6 16. Bxc6 Ba6 17. Bf3 Bc4 18. e3 Bd5 19. Bxd5 Qxd5 20. Re1 Rfc8 21. Qb2 h5 22. h4 Rc7 23. Nc1 Rac8 24. Ne2 Nxe2+ 25. Qxe2 Rc2 26. Qd3 R8c3 27. Qb5 Qxb5 28. axb5 b3 29. b6 b2 30. b7 Rb3 31. Rxa5 Rxb7 32. Rxh5 Rc1 0-1

[Event "Bad Ragaz Swiss YM"]
[Site "Bad Ragaz"]
[Date "2021.03.06"]
[Round "1"]
[White "Giesinger, Elias"]
[Black "Pellicoro, Nathalie"]
[Result "0-1"]
[WhiteElo "2052"]
[BlackElo "1886"]
[PlyCount "138"]
[EventDate "2021.03.06"]
[EventType "tourn"]
[EventRounds "9"]
[EventCountry "SUI"]
[SourceTitle "CBM 201 Extra"]
[Source "ChessBase"]
[SourceDate "2021.05.31"]
[SourceVersion "1"]
[SourceVersionDate "2021.05.31"]
[SourceQuality "1"]

1. Nf3 Nf6 2. c4 c5 3. b3 g6 4. Bb2 Bg7 5. g3 Nc6 6. Bg2 0-0 7. 0-0 d6 8. d4 cxd4 9. Nxd4 Nxd4 10. Qxd4 Nh5 11. Qd2 Bxb2 12. Qxb2 Rb8 13. Nc3 Nf6 14. Rfd1 Bd7 15. a4 a6 16. Rd2 Qc7 17. e4 Rfc8 18. Rd3 b5 19. cxb5 axb5 20. a5 b4 21. Ne2 Bc6 22. Qd4 Nd7 23. h4 Rb5 24. a6 Nc5 25. Re3 e5 26. Qd2 Rb6 27. a7 Ra8 28. Kh2 Bd7 29. f4 Rxa7 30. Rxa7 Qxa7 31. h5 Be6 32. fxe5 Nxb3 33. Qd1 Qa6 34. Nf4 Nc5 35. Bf1 Qa2+ 36. Re2 Bg4 37. Rxa2 Bxd1 38. h6 Rb8 39. Rd2 dxe5 40. Nd5 Ba4 41. Nf6+ Kf8 42. Rd5 Ke7 43. Ng4 Nd7 44. Nxe5 Nxe5 45. Rxe5+ Kf6 46. Rc5 g5 47. Bc4 Kg6 48. Rc7 Be8 49. e5 Kxh6 50. Bd3 Rb6 51. Re7 Bb5 52. Bb1 Bc4 53. Rc7 Be6 54. Rc5 Kg7 55. Kg2 b3 56. Kf2 Ra6 57. Rc1 Ra1 58. Re1 b2 59. Ke2 Ba2 60. Bxa2 Rxa2 61. Rb1 h5 62. Kd3 Ra3+ 63. Kc4 Rxg3 64. Rxb2 h4 65. Kd4 Rg4+ 66. Ke3 h3 67. Kf3 Rg2 68. Rb7 g4+ 69. Kf4 h2 0-1

[Event "SUI-ch HT 119th"]
[Site "Leukerbad"]
[Date "2019.07.18"]
[Round "8"]
[White "Stijve, Theo"]
[Black "Giesinger, Elias"]
[Result "1-0"]
[WhiteElo "2336"]
[BlackElo "2132"]
[PlyCount "73"]
[EventDate "2019.07.11"]
[EventType "swiss"]
[EventRounds "9"]
[EventCountry "SUI"]
[SourceTitle "EXT 2020"]
[Source "ChessBase"]
[SourceDate "2019.10.17"]
[SourceVersion "1"]
[SourceVersionDate "2019.10.17"]
[SourceQuality "1"]

1. e4 c5 2. Nf3 a6 3. Nc3 b5 4. d4 cxd4 5. Nxd4 Bb7 6. Bd3 d6 7. 0-0 Nf6 8. Qe2 e6 9. f4 Be7 10. Kh1 0-0 11. Bd2 Nbd7 12. b4 Qb6 13. Nb3 e5 14. a4 exf4 15. axb5 axb5 16. Nxb5 Ne5 17. N3d4 Nxd3 18. cxd3 Ba6 19. Nf5 Rfe8 20. Nbd4 Bf8 21. b5 Bb7 22. Bc3 d5 23. e5 Nd7 24. e6 fxe6 25. Nh6+ Kh8 26. Rxa8 Bxa8 27. Qh5 Nf6 28. Qe5 Nd7 29. Qxf4 Nf6 30. Qe5 gxh6 31. Qxf6+ Bg7 32. Qf7 Rf8 33. Qxf8+ Bxf8 34. Rxf8+ Kg7 35. Nxe6+ Kg6 36. Rf6+ Kh5 37. Ng7+ 1-0

[Event "Wch U18"]
[Site "Porto Carras"]
[Date "2018.10.30"]
[Round "11.28"]
[White "Giesinger, Elias"]
[Black "Dobrovoljc, Vid"]
[Result "0-1"]
[WhiteElo "2131"]
[BlackElo "2309"]
[PlyCount "86"]
[EventDate "2018.10.20"]
[EventType "swiss"]
[EventRounds "11"]
[EventCountry "GRE"]
[SourceTitle "CBM 187 Extra"]
[Source "ChessBase"]
[SourceDate "2018.11.04"]
[SourceVersion "1"]
[SourceVersionDate "2018.11.04"]
[SourceQuality "1"]

1. d4 Nf6 2. Nf3 g6 3. g3 Bg7 4. Bg2 0-0 5. 0-0 d6 6. b3 c5 7. Bb2 cxd4 8. Nxd4 d5 9. c4 e5 10. Nb5 a6 11. N5c3 d4 12. Nd5 Nc6 13. e3 Be6 14. exd4 exd4 15. Nxf6+ Bxf6 16. Nd2 d3 17. Bxf6 Qxf6 18. Qf3 Qd4 19. Ne4 Bf5 20. g4 Ne5 21. Nf6+ Kg7 22. Nh5+ Kh8 23. Qf4 Qxf4 24. Nxf4 Bxg4 25. Bxb7 Rab8 26. Be4 Rfd8 27. f3 Bf5 28. Bxf5 gxf5 29. Nd5 a5 30. f4 Rg8+ 31. Kh1 Nd7 32. Rad1 Nc5 33. Rfe1 Ne4 34. Rf1 d2 35. Ne7 Rge8 36. Nd5 a4 37. bxa4 Rb2 38. Kg2 Rxa2 39. Rf3 Rxa4 40. Ne3 Rd8 41. Nxf5 Rxc4 42. Rb3 Nc3 43. Rxd2 Rxd2+ 0-1

[Event "Wch U18"]
[Site "Porto Carras"]
[Date "2018.10.27"]
[Round "8"]
[White "Gholami, Aryan"]
[Black "Giesinger, Elias"]
[Result "1-0"]
[WhiteElo "2493"]
[BlackElo "2131"]
[PlyCount "81"]
[EventDate "2018.10.20"]
[EventType "swiss"]
[EventRounds "11"]
[EventCountry "GRE"]
[SourceTitle "CBM 187 Extra"]
[Source "ChessBase"]
[SourceDate "2018.11.04"]
[SourceVersion "1"]
[SourceVersionDate "2018.11.04"]
[SourceQuality "1"]

1. d4 Nf6 2. Nf3 e6 3. Bf4 c5 4. e3 cxd4 5. exd4 Be7 6. Nbd2 0-0 7. h3 b6 8. Bd3 Bb7 9. c3 d6 10. 0-0 Nbd7 11. Bh2 Re8 12. Re1 Bf8 13. a4 a6 14. Qe2 Qc7 15. Qf1 g6 16. Ng5 Qc6 17. Nc4 h6 18. Ne4 Nxe4 19. Bxe4 d5 20. Bf3 Red8 21. Ne3 Nf6 22. Be2 Qc8 23. Bd3 Bc6 24. Qe2 Qb7 25. Qf3 Bg7 26. Be5 Qe7 27. Qe2 Qb7 28. Ng4 Nxg4 29. hxg4 b5 30. Bxg7 Kxg7 31. Qe5+ Kg8 32. Re3 Qe7 33. Rh3 Qg5 34. Qh2 Kg7 35. f4 Qe7 36. axb5 Bxb5 37. Bxb5 axb5 38. Rxa8 Rxa8 39. Rxh6 Ra1+ 40. Kf2 Qf6 41. Rh8 1-0

[Event "Wch U18"]
[Site "Porto Carras"]
[Date "2018.10.26"]
[Round "7"]
[White "Giesinger, Elias"]
[Black "Bronstein, Or"]
[Result "1/2-1/2"]
[WhiteElo "2131"]
[BlackElo "2385"]
[PlyCount "65"]
[EventDate "2018.10.20"]
[EventType "swiss"]
[EventRounds "11"]
[EventCountry "GRE"]
[SourceTitle "CBM 187 Extra"]
[Source "ChessBase"]
[SourceDate "2018.11.04"]
[SourceVersion "1"]
[SourceVersionDate "2018.11.04"]
[SourceQuality "1"]

1. d4 Nf6 2. Nf3 g6 3. g3 Bg7 4. Bg2 0-0 5. 0-0 c5 6. dxc5 Na6 7. Be3 Ne4 8. Bd4 Nexc5 9. Bxg7 Kxg7 10. c4 d6 11. Nc3 Bd7 12. a3 Rb8 13. b4 Ne6 14. Rc1 Kg8 15. Qd2 Nac7 16. Rfd1 a5 17. c5 axb4 18. axb4 Nb5 19. cxd6 exd6 20. Nxb5 Bxb5 21. e3 Ba4 22. Re1 Qb6 23. Nd4 Rfe8 24. Nxe6 Rxe6 25. Bd5 Re7 26. Rc4 Bb3 27. Rd4 Bxd5 28. Rxd5 Re4 29. Rb1 Rd8 30. b5 Re5 31. Rd1 Rxd5 32. Qxd5 Rc8 33. Rb1 1/2-1/2

[Event "Wch U18"]
[Site "Porto Carras"]
[Date "2018.10.21"]
[Round "3"]
[White "Giesinger, Elias"]
[Black "Szustakowski, Antoni"]
[Result "1-0"]
[WhiteElo "2131"]
[BlackElo "2319"]
[PlyCount "103"]
[EventDate "2018.10.20"]
[EventType "swiss"]
[EventRounds "11"]
[EventCountry "GRE"]
[SourceTitle "CBM 187 Extra"]
[Source "ChessBase"]
[SourceDate "2018.11.04"]
[SourceVersion "1"]
[SourceVersionDate "2018.11.04"]
[SourceQuality "1"]

1. d4 Nf6 2. Nf3 e6 3. c4 d5 4. g3 Be7 5. Bg2 0-0 6. 0-0 c6 7. Qc2 b6 8. Nbd2 Nbd7 9. e4 dxc4 10. Nxc4 Bb7 11. Rd1 c5 12. e5 Nd5 13. Nd6 Bxd6 14. Ng5 g6 15. exd6 Nb4 16. Qd2 Bxg2 17. Kxg2 Nd5 18. b3 N7f6 19. dxc5 bxc5 20. Bb2 Qxd6 21. Rac1 e5 22. Rc4 Rad8 23. Kg1 Qe7 24. Qe2 Nb6 25. Rcc1 Rxd1+ 26. Rxd1 Nfd5 27. Ne4 f6 28. a4 Nc7 29. a5 Nc8 30. Ba3 Ne6 31. Nxc5 Nxc5 32. Qc4+ Qf7 33. Bxc5 Qxc4 34. bxc4 Re8 35. Rd7 a6 36. h4 h5 37. Kf1 f5 38. Ke2 Kh8 39. Kd2 Kg8 40. Kc3 f4 41. gxf4 exf4 42. f3 g5 43. hxg5 h4 44. g6 h3 45. Rh7 Re6 46. Rxh3 Rxg6 47. Rh4 Rg5 48. Rg4 Rxg4 49. fxg4 Kf7 50. Kd4 Kg6 51. Ke4 Kg5 52. Kf3 1-0

[Event "SUI-ch HT1 118th"]
[Site "Lenzerheide"]
[Date "2018.07.19"]
[Round "8"]
[White "Giesinger, Elias"]
[Black "Fischer, Daniel1111"]
[Result "0-1"]
[WhiteElo "2128"]
[BlackElo "2263"]
[PlyCount "50"]
[EventDate "2018.07.12"]
[EventType "swiss"]
[EventRounds "9"]
[EventCountry "SUI"]
[SourceTitle "EXT 2019"]
[Source "ChessBase"]
[SourceDate "2018.10.10"]
[SourceVersion "1"]
[SourceVersionDate "2018.10.10"]
[SourceQuality "1"]

1. d4 Nf6 2. c4 e6 3. g3 d5 4. Nf3 Be7 5. Bg2 0-0 6. 0-0 c6 7. Qc2 Nbd7 8. Nbd2 b6 9. e4 dxc4 10. Nxc4 Bb7 11. Rd1 c5 12. e5 Nd5 13. Nd6 Bxd6 14. Ng5 g6 15. exd6 Rc8 16. Qe2 N7f6 17. Nxe6 fxe6 18. Qxe6+ Rf7 19. dxc5 Rxc5 20. b4 Rc2 21. Rxd5 Bxd5 22. Bxd5 Nxd5 23. Bh6 Nf6 24. Re1 Rc6 25. Bf4 Qd7 0-1

[Event "SUI-ch HT1 118th"]
[Site "Lenzerheide"]
[Date "2018.07.16"]
[Round "5"]
[White "Curien, Nicolas"]
[Black "Giesinger, Elias"]
[Result "1-0"]
[WhiteElo "2204"]
[BlackElo "2128"]
[PlyCount "101"]
[EventDate "2018.07.12"]
[EventType "swiss"]
[EventRounds "9"]
[EventCountry "SUI"]
[SourceTitle "EXT 2019"]
[Source "ChessBase"]
[SourceDate "2018.10.10"]
[SourceVersion "1"]
[SourceVersionDate "2018.10.10"]
[SourceQuality "1"]

1. d4 Nf6 2. Nc3 d5 3. Bf4 a6 4. e3 e6 5. g4 c5 6. g5 Ng8 7. Nf3 Nc6 8. Qd2 b5 9. a3 Qa5 10. Bg2 h6 11. dxc5 Bxc5 12. 0-0 Qb6 13. Ne5 Nxe5 14. Bxe5 Bb7 15. b4 Bf8 16. e4 dxe4 17. Nxe4 Rd8 18. Qf4 Bxe4 19. Bxe4 hxg5 20. Qxg5 Ne7 21. Rad1 Rh6 22. Qf4 Nd5 23. Bxd5 Rxd5 24. Rxd5 exd5 25. Re1 Re6 26. Re3 Be7 27. Bd4 Qd6 28. Qxd6 Rxd6 29. Bxg7 Rg6+ 30. Rg3 Rc6 31. c3 f6 32. Bh6 Kf7 33. Rd3 Ke6 34. Be3 Rc8 35. Bd4 Bd6 36. Re3+ Kf7 37. h3 a5 38. Rf3 Be7 39. bxa5 Ra8 40. Bb6 Bd8 41. Rf4 Bxb6 42. axb6 Rb8 43. Rb4 Rxb6 44. a4 Rc6 45. axb5 Rxc3 46. b6 Rc8 47. b7 Rb8 48. Kf1 Ke6 49. Ke2 Ke5 50. Kd3 d4 51. Rb5+ 1-0

[Event "SUI-ch HT1 118th"]
[Site "Lenzerheide"]
[Date "2018.07.13"]
[Round "2"]
[White "Giesinger, Elias"]
[Black "Luginbuehl, Robert"]
[Result "1-0"]
[WhiteElo "2128"]
[BlackElo "2039"]
[PlyCount "87"]
[EventDate "2018.07.12"]
[EventType "swiss"]
[EventRounds "9"]
[EventCountry "SUI"]
[SourceTitle "EXT 2019"]
[Source "ChessBase"]
[SourceDate "2018.10.10"]
[SourceVersion "1"]
[SourceVersionDate "2018.10.10"]
[SourceQuality "1"]

1. d4 c5 2. d5 Nf6 3. c4 e6 4. Nc3 exd5 5. cxd5 d6 6. Nf3 g6 7. Bf4 a6 8. a4 Bg7 9. h3 0-0 10. e3 Qe7 11. Be2 Rd8 12. Nd2 Nbd7 13. 0-0 Ne5 14. Bh2 Ne8 15. e4 f5 16. f4 Nf7 17. Bd3 fxe4 18. Ndxe4 Bf5 19. Qd2 c4 20. Bc2 b5 21. Rae1 b4 22. Nd1 a5 23. Kh1 Qd7 24. Ng3 Bxc2 25. Qxc2 Nf6 26. Ne3 Rac8 27. Nxc4 Qc7 28. b3 Nxd5 29. Qd3 Nb6 30. Nxb6 Qxb6 31. f5 Rc3 32. Qd5 Qc6 33. Qe6 g5 34. Ne4 Rc2 35. Rg1 h6 36. Qg6 Kf8 37. f6 Bh8 38. Nxd6 Rxd6 39. Bxd6+ Nxd6 40. Qxh6+ Kg8 41. Qxg5+ Kf8 42. Qh6+ Kg8 43. Re7 Nf7 44. Qg6+ 1-0

[Event "Bodensee-Cup"]
[Site "St Ingbert"]
[Date "2018.05.06"]
[Round "3"]
[White "Haag, Gregor"]
[Black "Giesinger, Elias"]
[Result "1-0"]
[WhiteElo "2281"]
[BlackElo "2131"]
[PlyCount "51"]
[EventDate "2018.08.20"]
[EventType "team-tourn"]
[EventRounds "3"]
[EventCountry "GER"]
[SourceTitle "EXT 2020"]
[Source "ChessBase"]
[SourceDate "2019.10.17"]
[SourceVersion "1"]
[SourceVersionDate "2019.10.17"]
[SourceQuality "1"]
[WhiteTeam "Baden"]
[BlackTeam "Switzerland"]
[WhiteTeamCountry "GER"]
[BlackTeamCountry "SUI"]

1. d4 Nf6 2. c4 e6 3. Nf3 d5 4. Nc3 Be7 5. Bf4 0-0 6. e3 Nbd7 7. c5 c6 8. Bd3 b6 9. b4 a5 10. a3 Ba6 11. Bxa6 Rxa6 12. b5 cxb5 13. c6 Qc8 14. c7 Bxa3 15. 0-0 Bb2 16. Nxb5 Bxa1 17. Qc2 Ne4 18. Rxa1 Qb7 19. Ng5 Nxg5 20. Nd6 Qa8 21. c8Q Rxc8 22. Nxc8 Ne4 23. Qc7 Nf8 24. Qd8 a4 25. Ne7+ Kh8 26. Bb8 1-0

[Event "Bodensee-Cup"]
[Site "St Ingbert"]
[Date "2018.05.04"]
[Round "1"]
[White "Giesinger, Elias"]
[Black "Lauterbach, Ingrid"]
[Result "1/2-1/2"]
[WhiteElo "2131"]
[BlackElo "2048"]
[PlyCount "70"]
[EventDate "2018.08.20"]
[EventType "team-tourn"]
[EventRounds "3"]
[EventCountry "GER"]
[SourceTitle "EXT 2020"]
[Source "ChessBase"]
[SourceDate "2019.10.17"]
[SourceVersion "1"]
[SourceVersionDate "2019.10.17"]
[SourceQuality "1"]
[WhiteTeam "Switzerland"]
[BlackTeam "Wuerttemberg"]
[WhiteTeamCountry "SUI"]
[BlackTeamCountry "GER"]

1. d4 d6 2. Nf3 g6 3. g3 Bg7 4. Bg2 Nd7 5. 0-0 e5 6. dxe5 dxe5 7. c4 Ne7 8. Nc3 0-0 9. e4 Nc6 10. Nd5 Nc5 11. Qc2 Ne6 12. Be3 Ncd4 13. Nxd4 exd4 14. Bd2 c6 15. Nb4 Nc5 16. Nd3 Nxd3 17. Qxd3 f5 18. Rfe1 fxe4 19. Bxe4 Qf6 20. f4 Bf5 21. Bxf5 Qxf5 22. Qxf5 Rxf5 23. Re7 Rf7 24. Rae1 b5 25. Re8+ Rf8 26. Rxa8 Rxa8 27. c5 Kf7 28. Kf2 a5 29. Kf3 a4 30. Ke4 d3 31. Re3 Re8+ 32. Kxd3 Rxe3+ 33. Kxe3 Bxb2 34. Bb4 h5 35. Ke4 Ke6 1/2-1/2

[Event "SUI-chT"]
[Site "Switzerland"]
[Date "2018.03.25"]
[Round "1.4"]
[White "Hofmann, Michael"]
[Black "Giesinger, Elias"]
[Result "0-1"]
[WhiteElo "2293"]
[BlackElo "2205"]
[PlyCount "100"]
[EventDate "2018.03.25"]
[EventType "team-tourn"]
[EventRounds "9"]
[EventCountry "SUI"]
[SourceTitle "CBM 183 Extra"]
[Source "ChessBase"]
[SourceDate "2018.04.19"]
[SourceVersion "1"]
[SourceVersionDate "2018.04.19"]
[SourceQuality "1"]
[WhiteTeam "Reti"]
[BlackTeam "St Gallen"]
[WhiteTeamCountry "SUI"]
[BlackTeamCountry "SUI"]

1. d4 Nf6 2. Bf4 e6 3. Nd2 c5 4. e3 cxd4 5. exd4 Be7 6. c3 0-0 7. Bd3 d6 8. Ngf3 b6 9. Qe2 Bb7 10. 0-0-0 Nbd7 11. Kb1 Rc8 12. Nc4 Qc7 13. h4 Rfe8 14. Rh3 Bf8 15. Ne3 e5 16. dxe5 dxe5 17. Bh2 Qc5 18. Ng5 g6 19. Bc4 Re7 20. h5 Bg7 21. Nxh7 Nxh7 22. hxg6 Be4+ 23. Ka1 Bxg6 24. Qg4 Ndf6 25. Qh4 Rd7 26. Rxd7 Nxd7 27. Qg4 Ndf8 28. Bg3 Rc6 29. Rh1 b5 30. Bb3 a5 31. a3 e4 32. Rd1 b4 33. cxb4 axb4 34. a4 Bh5 35. Qf5 Qxf5 36. Nxf5 Bxd1 37. Ne7+ Kh8 38. Nxc6 Bxb3 39. a5 Nd7 40. a6 Bf8 41. a7 Nb6 42. Bc7 Na8 43. Ba5 Bc5 44. f3 exf3 45. gxf3 Bd5 46. Ne5 b3 47. Bc3 f6 48. Nd7 Bxa7 49. Nxf6 Nxf6 50. Bxf6+ Kg8 0-1

[Event "Bodensee op"]
[Site "Bregenz"]
[Date "2017.05.24"]
[Round "5"]
[White "Giesinger, Elias"]
[Black "Stanford, Sheila Barth"]
[Result "0-1"]
[WhiteElo "2074"]
[BlackElo "2170"]
[PlyCount "86"]
[EventDate "2017.05.20"]
[EventType "swiss"]
[EventRounds "9"]
[EventCountry "AUT"]
[SourceTitle "CBM 178 Extra"]
[Source "ChessBase"]
[SourceDate "2017.06.22"]
[SourceVersion "1"]
[SourceVersionDate "2017.06.22"]
[SourceQuality "1"]

1. d4 d5 2. c4 c6 3. Nf3 Nf6 4. e3 Bf5 5. Nc3 e6 6. Nh4 Bg4 7. Qb3 Qb6 8. h3 Bh5 9. g4 Bg6 10. Nxg6 hxg6 11. Bg2 Na6 12. Bd2 Qxb3 13. axb3 0-0-0 14. 0-0-0 Nb4 15. Kb1 Be7 16. Na2 Nxa2 17. Kxa2 Ne4 18. Be1 Bh4 19. f3 Nd6 20. Rc1 f5 21. Bb4 Bf2 22. Bd2 f4 23. e4 dxe4 24. fxe4 Bxd4 25. Bxf4 Nf7 26. Rhf1 g5 27. Bg3 Be5 28. Bxe5 Nxe5 29. Rcd1 Rxd1 30. Rxd1 Rd8 31. Rxd8+ Kxd8 32. Kb1 Kd7 33. Kc2 Kd6 34. Kc3 Ng6 35. Kd4 c5+ 36. Ke3 Ke5 37. Bf1 Nf4 38. Kf3 Kd4 39. h4 e5 40. hxg5 g6 41. b4 cxb4 42. Kg3 b6 43. Kf3 a5 0-1

[Event "Bodensee op"]
[Site "Bregenz"]
[Date "2017.05.22"]
[Round "3"]
[White "Giesinger, Elias"]
[Black "Cunningham, Robin J"]
[Result "1/2-1/2"]
[WhiteElo "2074"]
[BlackElo "2255"]
[PlyCount "31"]
[EventDate "2017.05.20"]
[EventType "swiss"]
[EventRounds "9"]
[EventCountry "AUT"]
[SourceTitle "CBM 178 Extra"]
[Source "ChessBase"]
[SourceDate "2017.06.22"]
[SourceVersion "1"]
[SourceVersionDate "2017.06.22"]
[SourceQuality "1"]

1. d4 d5 2. c4 e6 3. Nf3 Nf6 4. g3 Be7 5. Bg2 0-0 6. 0-0 dxc4 7. Qc2 a6 8. a4 Bd7 9. Qxc4 Bc6 10. Bf4 a5 11. Nc3 Na6 12. Rae1 Bd5 13. Qb5 Bc6 14. Qc4 Bd5 15. Qb5 Bc6 16. Qc4 1/2-1/2

[Event "World ol U16"]
[Site "Poprad"]
[Date "2016.07.29"]
[Round "9.1"]
[White "Giesinger, Elias"]
[Black "Kardis, Benjamin"]
[Result "1-0"]
[WhiteElo "2051"]
[BlackElo "1720"]
[PlyCount "167"]
[EventDate "2016.07.22"]
[EventType "team-swiss"]
[EventRounds "9"]
[EventCountry "SVK"]
[SourceTitle "EXT 2017"]
[Source "ChessBase"]
[SourceDate "2016.10.25"]
[SourceVersion "1"]
[SourceVersionDate "2016.10.25"]
[SourceQuality "1"]
[WhiteTeam "Switzerland"]
[BlackTeam "Slovakia PSZ"]
[WhiteTeamCountry "SUI"]
[BlackTeamCountry "SVK"]

1. d4 Nf6 2. c4 e6 3. Nc3 Bb4 4. Qc2 d5 5. cxd5 exd5 6. Bg5 Bxc3+ 7. Qxc3 c6 8. e3 Bf5 9. Nf3 Nbd7 10. Ne5 0-0 11. Nxd7 Bxd7 12. Bd3 Ne4 13. Bxd8 Nxc3 14. Bh4 Na4 15. b3 Nb6 16. 0-0 Rfe8 17. Rfc1 Nc8 18. Bg3 Ne7 19. Rc2 Bf5 20. Bxf5 Nxf5 21. Rac1 Nxg3 22. hxg3 a5 23. Rc5 Kf8 24. a3 Rec8 25. b4 axb4 26. axb4 Ke7 27. f3 f5 28. b5 Kd7 29. Kh2 Ra3 30. e4 fxe4 31. fxe4 dxe4 32. d5 Kd6 33. dxc6 bxc6 34. bxc6 Ra7 35. R5c4 Rac7 36. Rxe4 Rxc6 37. Rd1+ Kc5 38. g4 R8c7 39. Re2 h6 40. Rc2+ Kb6 41. Rb1+ Ka7 42. Ra2+ Ra6 43. Rab2 g5 44. Rb3 Rf7 45. Kg3 Rc6 46. Ra3+ Ra6 47. Rf3 Rxf3+ 48. gxf3 Rb6 49. Rf1 Rb3 50. Rh1 Rb6 51. Rh5 Kb7 52. f4 gxf4+ 53. Kxf4 Kc7 54. Rd5 Rf6+ 55. Ke5 Rg6 56. Rd4 Kc6 57. Kf4 Rf6+ 58. Kg3 Kc5 59. Rd1 Kc6 60. Kh4 Kc7 61. Kh5 Rf4 62. Rd2 Re4 63. Rd5 Re6 64. Rd4 Rf6 65. Rd2 Re6 66. Rd5 Rf6 67. Rf5 Re6 68. Rf7+ Kd8 69. Rh7 Re4 70. Rxh6 Ke7 71. Rg6 Kf7 72. Kh6 Re3 73. Rg7+ Kf8 74. g5 Re6+ 75. Kh7 Re5 76. Rg8+ Ke7 77. g6 Rh5+ 78. Kg7 Rf5 79. Ra8 Ke6 80. Ra6+ Ke7 81. Ra2 Rh5 82. Re2+ Kd6 83. Kg8 Rg5 84. g7 1-0

[Event "World ol U16"]
[Site "Poprad"]
[Date "2016.07.28"]
[Round "8.1"]
[White "Stabulnieks, Klavs"]
[Black "Giesinger, Elias"]
[Result "1-0"]
[WhiteElo "2099"]
[BlackElo "2051"]
[PlyCount "103"]
[EventDate "2016.07.22"]
[EventType "team-swiss"]
[EventRounds "9"]
[EventCountry "SVK"]
[SourceTitle "EXT 2017"]
[Source "ChessBase"]
[SourceDate "2016.10.25"]
[SourceVersion "1"]
[SourceVersionDate "2016.10.25"]
[SourceQuality "1"]
[WhiteTeam "Latvia"]
[BlackTeam "Switzerland"]
[WhiteTeamCountry "LAT"]
[BlackTeamCountry "SUI"]

1. d4 Nf6 2. c4 e6 3. Nc3 Bb4 4. f3 d5 5. a3 Bxc3+ 6. bxc3 c5 7. e3 0-0 8. Bd3 Nc6 9. Ne2 b6 10. cxd5 Nxd5 11. 0-0 Nde7 12. Qc2 Ng6 13. Rd1 cxd4 14. cxd4 Bb7 15. Qb2 Rc8 16. e4 Qe7 17. Be3 Na5 18. Rac1 Rxc1 19. Rxc1 Rc8 20. Rxc8+ Bxc8 21. Qb4 Kf8 22. Nc3 Qxb4 23. axb4 Nc6 24. b5 Nb4 25. Bc4 Ke8 26. Kf2 Nc2 27. g3 Nxe3 28. Kxe3 Ke7 29. f4 Nf8 30. Na2 Bb7 31. Nb4 Kd6 32. Bd3 h6 33. e5+ Kc7 34. Be4 Bxe4 35. Kxe4 Nd7 36. g4 Kb7 37. f5 Nf8 38. d5 Kc7 39. h4 g6 40. Nc6 exf5+ 41. gxf5 g5 42. hxg5 hxg5 43. f6 a5 44. bxa6 b5 45. a7 Kb7 46. Kf5 g4 47. Kxg4 b4 48. Nxb4 Kxa7 49. Kf5 Kb6 50. e6 fxe6+ 51. dxe6 Kc5 52. e7 1-0

[Event "World ol U16"]
[Site "Poprad"]
[Date "2016.07.27"]
[Round "7.2"]
[White "Huygebaert, Batist"]
[Black "Giesinger, Elias"]
[Result "1-0"]
[WhiteElo "1850"]
[BlackElo "2051"]
[PlyCount "131"]
[EventDate "2016.07.22"]
[EventType "team-swiss"]
[EventRounds "9"]
[EventCountry "SVK"]
[SourceTitle "EXT 2017"]
[Source "ChessBase"]
[SourceDate "2016.10.25"]
[SourceVersion "1"]
[SourceVersionDate "2016.10.25"]
[SourceQuality "1"]
[WhiteTeam "Belgium"]
[BlackTeam "Switzerland"]
[WhiteTeamCountry "BEL"]
[BlackTeamCountry "SUI"]

1. d4 Nf6 2. Nf3 e6 3. Bf4 c5 4. c3 d5 5. e3 Nc6 6. Nbd2 Bd6 7. Bg3 0-0 8. Bd3 Qe7 9. Ne5 Nd7 10. Nxd7 Bxd7 11. Bxd6 Qxd6 12. dxc5 Qxc5 13. Bxh7+ Kxh7 14. Qh5+ Kg8 15. Ne4 g6 16. Nxc5 gxh5 17. Nxd7 Rfc8 18. Nf6+ Kf8 19. Nxh5 Ne5 20. Nf4 Nc4 21. 0-0-0 b5 22. b3 Nd6 23. Kb2 Ne4 24. Rc1 Ke7 25. f3 Nd6 26. g4 Rh8 27. h4 Rag8 28. Rcg1 a5 29. Nd3 f6 30. Nf4 Rh7 31. Ra1 a4 32. Rad1 Rgg7 33. Rde1 f5 34. g5 Rg8 35. Reg1 Rhh8 36. h5 Kd7 37. Ng6 Rh7 38. Ne5+ Ke7 39. h6 Rhh8 40. g6 Kf6 41. g7 Rh7 42. Nd7+ Ke7 43. Nf8 Rxf8 44. gxf8Q+ Kxf8 45. Rg6 Kf7 46. Rhg1 Ne8 47. Rg7+ Nxg7 48. Rxg7+ Rxg7 49. hxg7 Kxg7 50. bxa4 bxa4 51. Ka3 Kg6 52. Kxa4 Kh5 53. Kb3 Kh4 54. a4 e5 55. a5 f4 56. exf4 e4 57. fxe4 dxe4 58. Kc4 Kg3 59. Kd4 Kxf4 60. a6 e3 61. Kd3 Kf3 62. a7 e2 63. a8Q+ Kf2 64. Qf8+ Ke1 65. Qf4 Kd1 66. Qd2# 1-0

[Event "World ol U16"]
[Site "Poprad"]
[Date "2016.07.22"]
[Round "1.2"]
[White "Agmanov, Zhandos"]
[Black "Giesinger, Elias"]
[Result "1-0"]
[WhiteElo "2310"]
[BlackElo "2051"]
[PlyCount "77"]
[EventDate "2016.07.22"]
[EventType "team-swiss"]
[EventRounds "9"]
[EventCountry "SVK"]
[SourceTitle "EXT 2017"]
[Source "ChessBase"]
[SourceDate "2016.10.25"]
[SourceVersion "1"]
[SourceVersionDate "2016.10.25"]
[SourceQuality "1"]
[WhiteTeam "Kazakhstan"]
[BlackTeam "Switzerland"]
[WhiteTeamCountry "KAZ"]
[BlackTeamCountry "SUI"]

1. e4 c5 2. Nf3 Nc6 3. Bb5 g6 4. 0-0 Bg7 5. Bxc6 dxc6 6. d3 Nf6 7. Nc3 0-0 8. h3 Qc7 9. Be3 b6 10. Qd2 e5 11. Nh2 Nh5 12. Ne2 Be6 13. g4 Nf6 14. f4 exf4 15. Bxf4 Qb7 16. Ng3 Nd7 17. c3 Ne5 18. Nf3 Nxf3+ 19. Rxf3 Rad8 20. Bh6 f6 21. a3 Bxh6 22. Qxh6 Qg7 23. Qf4 Qe7 24. b4 Rd7 25. Rd1 cxb4 26. axb4 c5 27. bxc5 Qxc5+ 28. d4 Qc7 29. d5 Qc5+ 30. Rd4 Bf7 31. Qxf6 a5 32. Kh2 Rd6 33. Qg5 b5 34. Nf5 Ra6 35. Ne7+ Kg7 36. Qe5+ Kh6 37. g5+ Kh5 38. Qg7 Kxg5 39. Rf5+ 1-0